Adobe Premiere Pro 2 Bible / (Record no. 5819)

MARC details
000 -LEADER
fixed length control field 02059nam a2200421 i 4500
003 - CONTROL NUMBER IDENTIFIER
control field EG-ScBUE
005 - DATE AND TIME OF LATEST TRANSACTION
control field 20230507091407.0
006 - FIXED-LENGTH DATA ELEMENTS--ADDITIONAL MATERIAL CHARACTERISTICS--GENERAL INFORMATION
fixed length control field m||||fq||h 00| 0
008 - FIXED-LENGTH DATA ELEMENTS--GENERAL INFORMATION
fixed length control field 100512t2006 njua f 001 0 eng d
020 ## - INTERNATIONAL STANDARD BOOK NUMBER
International Standard Book Number 0471751758 (pbk.)
020 ## - INTERNATIONAL STANDARD BOOK NUMBER
International Standard Book Number 9780471751755
035 ## - SYSTEM CONTROL NUMBER
System control number (CStRLIN)PASGA3120470-B
035 ## - SYSTEM CONTROL NUMBER
System control number (PSt) (Sirsi) a3120470
040 ## - CATALOGING SOURCE
Original cataloging agency EG-ScBUE
Language of cataloging eng
Description conventions rda
Transcribing agency EG-ScBUE
Modifying agency EG-ScBUE
082 04 - DEWEY DECIMAL CLASSIFICATION NUMBER
Classification number 778.5930285536
Item number DRO
Edition number 22
100 1# - MAIN ENTRY--PERSONAL NAME
Personal name Droblas, Adele,
Relator term author.
9 (RLIN) 13883
245 10 - TITLE STATEMENT
Title Adobe Premiere Pro 2 Bible /
Statement of responsibility, etc Adele Droblas and Seth Greenberg.
264 #1 - PUBLICATION, DISTRIBUTION, ETC. (IMPRINT)
Place of publication, distribution, etc Hoboken, NJ :
Name of publisher, distributor, etc Wiley publishing,
Date of publication, distribution, etc [2006]
264 #4 - PUBLICATION, DISTRIBUTION, ETC. (IMPRINT)
Date of publication, distribution, etc c2006
300 ## - PHYSICAL DESCRIPTION
Extent xxxii, 781 pages :
Other physical details illustrations ;
Dimensions 24 cm +
Accompanying material 1 CD
336 ## - CONTENT TYPE
Source rdacontent
Content type term sounds
Content type code snd
336 ## - CONTENT TYPE
Source rdacontent
Content type term text
Content type code txt
337 ## - MEDIA TYPE
Source rdamedia
Media type term audio
Media type code s
337 ## - MEDIA TYPE
Source rdamedia
Media type term unmediated
Media type code n
338 ## - CARRIER TYPE
Source rdacarrier
Carrier type term computer disc
Carrier type code cd
338 ## - CARRIER TYPE
Source rdacarrier
Carrier type term volume
Carrier type code nc
500 ## - GENERAL NOTE
General note Includes index.
538 ## - SYSTEM DETAILS NOTE
System details note System requirements for accompanying DVD-ROM: Windows XP; PC with Intel Pentium 4, 1.4GHz processor or faster.; at least 512MB of RAM installed on your computer, 1GB or more is recommended; Microsoft Windows XP Professional or XP Home Edition with Service Pack 2 installed.; 800MB of available hard-disk space for installation; additional hard-disk space is required for project files and to install all software on the DVD; DVD drive is required for installation; DVD recordable drive - DVD+R - is required to burn DVDs using Premiere Pro; QuickTime 6 is required to load the QuickTime tutorial files.
590 ## - LOCAL NOTE (RLIN)
Local note yassmeen ashraf
650 #7 - SUBJECT ADDED ENTRY--TOPICAL TERM
Topical term or geographic name as entry element Motion pictures
General subdivision Editing
-- Data processing.
Source of heading or term BUEsh
9 (RLIN) 13884
650 #7 - SUBJECT ADDED ENTRY--TOPICAL TERM
Topical term or geographic name as entry element Digital video
General subdivision Editing
-- Data processing.
Source of heading or term BUEsh
9 (RLIN) 13885
651 ## - SUBJECT ADDED ENTRY--GEOGRAPHIC NAME
Source of heading or term BUEsh
653 ## - INDEX TERM--UNCONTROLLED
Resource For college Informatics and Computer Science
Arrived date list August2014
655 ## - INDEX TERM--GENRE/FORM
Form subdivision Reading book
700 1# - ADDED ENTRY--PERSONAL NAME
Personal name Greenberg, Seth,
Relator term author.
9 (RLIN) 13886
856 42 - ELECTRONIC LOCATION AND ACCESS
Materials specified Publisher description
Uniform Resource Identifier <a href="http://www.loc.gov/catdir/enhancements/fy0629/2005936639-d.html">http://www.loc.gov/catdir/enhancements/fy0629/2005936639-d.html</a>
942 ## - ADDED ENTRY ELEMENTS (KOHA)
Koha item type Book - Borrowing
Call number prefix 778.5930285536 DRO
Source of classification or shelving scheme Dewey Decimal Classification
Holdings
Withdrawn status Lost status Source of classification or shelving scheme Damaged status Not for loan Collection code Home library Current library Shelving location Date acquired Source of acquisition Total Checkouts Full call number Barcode Date last seen Koha item type
    Dewey Decimal Classification       Central Library Central Library Second Floor 06/11/2007     778.5930285536 DRO 000007396 15/07/2025 Book - Borrowing
    Dewey Decimal Classification       Central Library Central Library Second Floor 12/05/2010     778.5930285536 DRO 000007968 24/08/2022 CD | DVD - With book